Modern analysis and topology

Αποθηκεύτηκε σε:
Λεπτομέρειες βιβλιογραφικής εγγραφής
Κύριος συγγραφέας: Howes, Norman R.
Μορφή: Βιβλίο
Γλώσσα:English
Δημοσίευση: New York : Springer, c1995
Σειρά:Universitext
Θέματα:
Ετικέτες: Προσθήκη ετικέτας
Δεν υπάρχουν, Καταχωρήστε ετικέτα πρώτοι!

MARC

LEADER 00000nam a2200000 i 4500
001 1/46796
008 980619s1995 eng d
020 |a 0-387-97986-7 
035 |l 10042892 
040 |a GR-MY-UA  |b gre  |e aacr 
041 0 |a eng 
082 0 |a 515.13 
100 1 |a Howes, Norman R. 
245 1 0 |a Modern analysis and topology /  |c Norman R. Howes 
260 |a New York :   |b Springer,   |c c1995 
300 |a xxviii, 403 p.;  |c 23 cm. 
490 1 |a Universitext 
500 |a Includes index 
650 0 0 |a Mathematical analysis. 
650 0 0 |a Topology. 
830 0 |a Universitext 
852 |a INST  |b SAMOS  |e 19980619  |h 515.13 HOW  |p 005300011119  |q 005300011119  |t BK  |y 0 
852 |a INST  |b SAMOS  |e 19980619  |h 515.13 HOW  |p 005300011120  |q 005300011120  |t BK  |y 0 
852 |a INST  |b SAMOS  |e 19990309  |h 515.13 HOW  |p 005300013375  |q 005300013375  |t BK  |y 0 
901 |a BIBL-1999-1 
909 |a Σ  |b 056799 
909 |a Σ  |b 056800 
909 |a Σ  |b 062959 
922 |a 3ΕΛΗ  |b 199805  |c ΚΠΣ  |d ΠΑΠΑΣΩΤΗΡΙΟΥ 
922 |a 3ΕΛΗ  |b 199901  |c ΕΠΕΑΕΚ/ΜΑΘ  |d LEADER